| 000 | 00531nam a2200157 i 4500 | ||
|---|---|---|---|
| 001 | 62027 | ||
| 003 | ES-MaACL | ||
| 007 | t| | ||
| 008 | 031117s1936 sp ||||1| spa d | ||
| 100 | 1 |
_aFanno, Marco. _948805 |
|
| 245 | 1 | 4 |
_aLos movimientos anormales del capital y las crisis / _cMarco Fanno ; traducción de la 1ª edición italiana por José Vergara Doncel. |
| 260 |
_aMadrid : _b[s.n.], _c1936 ( _fGalo Sèz) |
||
| 300 |
_a185 p. ; _c20 cm. |
||
| 700 | 1 |
_aVergara Doncel, José. _9114087 |
|
| 852 |
_aES-MaACL _jG-11116 _bR.18148 |
||
| 999 |
_c62027 _d62027 |
||